| 000 | 00751cam a2200229 a 4500 | ||
|---|---|---|---|
| 001 | 3055725 | ||
| 005 | 20180202043840.0 | ||
| 008 | 960717s1996 wiua b 100 0 eng | ||
| 010 | _a 96069347 | ||
| 020 | _a089118824X (pbk.) | ||
| 040 |
_aDLC _cDLC _dDLC |
||
| 041 | _aeng | ||
| 080 | _a628.168 COR | ||
| 082 | 0 | 0 |
_a628.168 COR _221 |
| 100 | _a42 | ||
| 101 | _aGJEO | ||
| 245 | 0 | 0 |
_aApplications of GIS to the modeling of non-point source pollutants in the vadose zone / _ceditors, Dennis L. Corwin, Keith Loague. |
| 504 | _aIncludes bibliographical references. | ||
| 906 |
_a7 _bcbc _corignew _d2 _eopcn _f19 _gy-gencatlg |
||
| 942 |
_2ddc _cBK |
||
| 999 |
_c41607 _d41607 |
||